[Event "XLIV Memoriał Szachowy Ludwika Zamenhofa 2025, Grupa A"]
[Site "Białystok, Poland"]
[Date "2025.12.31"]
[Round "9.22"]
[White "Obukhava, Anastasiya"]
[Black "Flak, Pawel"]
[Result "1/2-1/2"]
[TimeControl "90'+30\""]
[WhiteElo "2146"]
[BlackElo "2113"]

1. g3 {[%clk 01:27:01]} {[%emt 00:03:59]} d5 {[%clk 01:30:34]} {[%emt
00:00:26]} 2. Bg2 {[%clk 01:27:25]} {[%emt 00:00:06]} Nf6 {[%clk 01:31:01]}
{[%emt 00:00:03]} 3. c4 {[%clk 01:27:36]} {[%emt 00:00:19]} c6 {[%clk
01:31:29]} {[%emt 00:00:02]} 4. Nf3 {[%clk 01:28:01]} {[%emt 00:00:06]} Bf5
{[%clk 01:31:51]} {[%emt 00:00:07]} 5. O-O {[%clk 01:28:01]} {[%emt 00:00:30]}
e6 {[%clk 01:32:20]} 6. d3 {[%clk 01:28:15]} {[%emt 00:00:16]} Nbd7 {[%clk
01:32:33]} {[%emt 00:00:16]} 7. b3 {[%clk 01:22:55]} {[%emt 00:05:51]} h6
{[%clk 01:32:17]} {[%emt 00:00:46]} 8. Bb2 {[%clk 01:23:06]} {[%emt 00:00:19]}
Be7 {[%clk 01:32:44]} {[%emt 00:00:02]} 9. Nbd2 {[%clk 01:20:27]} {[%emt
00:03:09]} O-O {[%clk 01:28:41]} {[%emt 00:04:34]} 10. Re1 {[%clk 01:20:44]}
{[%emt 00:00:13]} Bh7 {[%clk 01:28:54]} {[%emt 00:00:17]} 11. Qc2 {[%clk
01:20:20]} {[%emt 00:00:54]} Qc7 {[%clk 01:27:59]} {[%emt 00:01:25]} 12. Rad1
{[%clk 01:18:40]} {[%emt 00:02:09]} Rfd8 {[%clk 01:27:23]} {[%emt 00:01:06]} 13.
Qc1 {[%clk 01:07:37]} {[%emt 00:11:33]} Bf8 {[%clk 01:26:06]} {[%emt 00:01:48]}
14. Qa1 {[%clk 01:07:20]} {[%emt 00:00:48]} a5 {[%clk 01:26:15]} {[%emt
00:00:21]} 15. a3 {[%clk 01:01:22]} {[%emt 00:06:27]} Qb6 {[%clk 01:26:01]}
{[%emt 00:00:44]} 16. h3 {[%clk 00:59:16]} {[%emt 00:02:35]} Bc5 {[%clk
01:25:43]} {[%emt 00:00:48]} 17. d4 {[%clk 00:55:11]} {[%emt 00:04:36]} Bf8
{[%clk 01:26:01]} {[%emt 00:00:11]} 18. Rc1 {[%clk 00:52:50]} {[%emt 00:02:52]}
Ne4 {[%clk 01:26:02]} {[%emt 00:00:29]} 19. Nxe4 {[%clk 00:52:27]} {[%emt
00:00:53]} Bxe4 {[%clk 01:25:12]} {[%emt 00:01:19]} 20. Nd2 {[%clk 00:52:44]}
{[%emt 00:00:13]} Bxg2 {[%clk 01:25:30]} {[%emt 00:00:13]} 21. Kxg2 {[%clk
00:53:13]} {[%emt 00:00:01]} f5 {[%clk 01:25:08]} {[%emt 00:00:52]} 22. Qb1
{[%clk 00:50:26]} {[%emt 00:03:17]} Nf6 {[%clk 01:21:14]} {[%emt 00:04:23]} 23.
Qc2 {[%clk 00:48:46]} {[%emt 00:02:10]} Qa6 {[%clk 01:17:11]} {[%emt 00:04:35]}
24. Qc3 {[%clk 00:45:05]} {[%emt 00:04:10]} Rd7 {[%clk 01:14:22]} {[%emt
00:03:19]} 25. Qe3 {[%clk 00:43:55]} {[%emt 00:01:39]} Re8 {[%clk 01:14:28]}
{[%emt 00:00:24]} 26. Nf3 {[%clk 00:43:01]} {[%emt 00:01:25]} Rdd8 {[%clk
01:08:09]} {[%emt 00:06:49]} 27. Qd3 {[%clk 00:42:29]} {[%emt 00:01:01]} Bd6
{[%clk 01:00:20]} {[%emt 00:08:20]} 28. Qc2 {[%clk 00:37:27]} {[%emt 00:05:32]}
a4 {[%clk 00:56:06]} {[%emt 00:04:44]} 29. c5 {[%clk 00:35:21]} {[%emt
00:02:36]} axb3 {[%clk 00:56:11]} {[%emt 00:00:25]} 30. Qxb3 {[%clk 00:35:49]}
{[%emt 00:00:02]} Bc7 {[%clk 00:56:32]} {[%emt 00:00:08]} 31. Qd3 {[%clk
00:33:57]} {[%emt 00:02:23]} Ra8 {[%clk 00:51:57]} {[%emt 00:05:04]} 32. Ra1
{[%clk 00:31:43]} {[%emt 00:02:44]} Ne4 {[%clk 00:49:03]} {[%emt 00:03:25]} 33.
Rec1 {[%clk 00:28:34]} {[%emt 00:03:39]} Ra7 {[%clk 00:48:04]} {[%emt
00:01:30]} 34. Rc2 {[%clk 00:26:46]} {[%emt 00:02:18]} Qa4 {[%clk 00:47:30]}
{[%emt 00:01:03]} 35. Nd2 {[%clk 00:24:36]} {[%emt 00:02:40]} Nxd2 {[%clk
00:47:00]} {[%emt 00:01:00]} 36. Rxd2 {[%clk 00:23:35]} {[%emt 00:01:30]} Ra5
{[%clk 00:46:53]} {[%emt 00:00:38]} 37. Bc3 {[%clk 00:22:06]} {[%emt 00:01:59]}
Rb5 {[%clk 00:44:02]} {[%emt 00:03:21]} 38. Rb2 {[%clk 00:21:31]} {[%emt
00:01:05]} Rxb2 {[%clk 00:40:45]} {[%emt 00:03:47]} 39. Bxb2 {[%clk 00:18:56]}
{[%emt 00:03:04]} Bd8 {[%clk 00:40:53]} {[%emt 00:00:23]} 40. Qd1 {[%clk
00:14:12]} {[%emt 00:05:14]} Qa5 {[%clk 00:38:12]} {[%emt 00:03:11]} 41. Qb3
{[%clk 00:14:03]} {[%emt 00:00:39]} Qa6 {[%clk 00:38:09]} {[%emt 00:00:34]} 42.
Qd3 {[%clk 00:12:43]} {[%emt 00:01:49]} Bf6 {[%clk 00:37:21]} {[%emt 00:01:17]}
43. Rb1 {[%clk 00:11:39]} {[%emt 00:01:36]} Ra8 {[%clk 00:35:11]} {[%emt
00:02:39]} 44. Kf1 {[%clk 00:09:13]} {[%emt 00:02:55]} Ra7 {[%clk 00:31:04]}
{[%emt 00:04:38]} 45. Qb3 {[%clk 00:07:31]} {[%emt 00:02:12]} Qa5 {[%clk
00:29:12]} {[%emt 00:02:23]} 46. Rd1 {[%clk 00:06:24]} {[%emt 00:01:36]} Qa4
{[%clk 00:24:52]} {[%emt 00:04:50]} 47. Qxa4 {[%clk 00:05:45]} {[%emt
00:01:09]} Rxa4 {[%clk 00:25:21]} {[%emt 00:00:02]} 48. e3 {[%clk 00:06:14]}
{[%emt 00:00:01]} Ra5 {[%clk 00:23:50]} {[%emt 00:02:00]} 49. Ke2 {[%clk
00:05:52]} {[%emt 00:00:51]} Be7 {[%clk 00:23:27]} {[%emt 00:00:54]} 50. Kd3
{[%clk 00:04:46]} {[%emt 00:01:36]} e5 {[%clk 00:23:32]} {[%emt 00:00:24]} 51.
Kc2 {[%clk 00:04:29]} {[%emt 00:00:47]} exd4 {[%clk 00:22:54]} {[%emt
00:01:10]} 52. exd4 {[%clk 00:04:58]} Bf6 {[%clk 00:22:50]} {[%emt 00:00:34]}
53. Kb3 {[%clk 00:03:58]} {[%emt 00:01:30]} Kf7 {[%clk 00:22:29]} {[%emt
00:00:51]} 54. a4 {[%clk 00:03:41]} {[%emt 00:00:47]} Ra8 {[%clk 00:22:35]}
{[%emt 00:00:23]} 55. Re1 {[%clk 00:04:00]} {[%emt 00:00:12]} h5 {[%clk
00:19:31]} {[%emt 00:03:34]} 56. f3 {[%clk 00:02:52]} {[%emt 00:01:38]} g5
{[%clk 00:15:51]} {[%emt 00:04:09]} 57. g4 {[%clk 00:02:04]} {[%emt 00:01:19]}
hxg4 {[%clk 00:13:56]} {[%emt 00:02:25]} 58. hxg4 {[%clk 00:02:33]} {[%emt
00:00:01]} Rh8 {[%clk 00:14:11]} {[%emt 00:00:15]} 59. gxf5 {[%clk 00:00:34]}
{[%emt 00:02:29]} Rh3 {[%clk 00:14:37]} {[%emt 00:00:03]} 60. Kc2 {[%clk
00:00:58]} {[%emt 00:00:06]} Rxf3 {[%clk 00:14:57]} {[%emt 00:00:11]} 61. Bc3
{[%clk 00:01:21]} {[%emt 00:00:07]} Rxf5 {[%clk 00:10:08]} {[%emt 00:05:19]} 62.
Rb1 {[%clk 00:01:42]} {[%emt 00:00:08]} g4 {[%clk 00:10:28]} {[%emt 00:00:11]}
63. Rxb7+ {[%clk 00:02:06]} {[%emt 00:00:06]} Kg6 {[%clk 00:10:50]} {[%emt
00:00:08]} 64. a5 {[%clk 00:00:44]} {[%emt 00:01:52]} Rf2+ {[%clk 00:10:45]}
{[%emt 00:00:35]} 65. Kd3 {[%clk 00:00:58]} {[%emt 00:00:16]} Rf3+ {[%clk
00:11:14]} 66. Kc2 {[%clk 00:01:04]} {[%emt 00:00:25]} g3 {[%clk 00:10:16]}
{[%emt 00:01:28]} 67. Rb1 {[%clk 00:01:14]} {[%emt 00:00:20]} Rf2+ {[%clk
00:08:50]} {[%emt 00:01:57]} 68. Kb3 {[%clk 00:01:21]} {[%emt 00:00:23]} Bg5
{[%clk 00:08:55]} {[%emt 00:00:24]} 69. Rg1 {[%clk 00:01:10]} {[%emt 00:00:40]}
Bf4 {[%clk 00:08:35]} {[%emt 00:00:51]} 70. a6 {[%clk 00:01:19]} {[%emt
00:00:22]} Re2 {[%clk 00:09:01]} {[%emt 00:00:04]} 71. a7 {[%clk 00:00:51]}
{[%emt 00:00:58]} Re8 {[%clk 00:09:30]} {[%emt 00:00:01]} 72. Be1 {[%clk
00:01:09]} {[%emt 00:00:12]} Ra8 {[%clk 00:09:40]} {[%emt 00:00:20]} 73. Bxg3
{[%clk 00:01:35]} {[%emt 00:00:03]} Bxg3 {[%clk 00:10:07]} {[%emt 00:00:04]} 74.
Rxg3+ {[%clk 00:02:00]} {[%emt 00:00:05]} Kf7 {[%clk 00:10:28]} {[%emt
00:00:05]} 1/2-1/2